| 000 | 00478nam a22001937a 4500 | ||
|---|---|---|---|
| 003 | CEME | ||
| 005 | 20210628202611.0 | ||
| 008 | 210122b xxu||||| |||| 00| 0 eng d | ||
| 020 | _a81-7808-449-X | ||
| 040 | _c. | ||
| 082 | _a621.381 STO | ||
| 100 |
_aStorey, Neil _960674 |
||
| 245 | _aElectronics a systems approach | ||
| 250 | _a2ND | ||
| 260 |
_aNEW DELHI _bPEARSON EDUCATION _c1998 |
||
| 300 | _aXV,672 P | ||
| 650 |
_aELECTRONIC SYSTEMS. _960675 |
||
| 942 |
_cBK _2ddc |
||
| 999 |
_c570351 _d570351 |
||